000 00195 a2200097 4500
001 41188
100 _aCheyney, P
245 _aPoison IVy
260 _aLondon
_bCollins
_c
090 _c25411
_d25411
942 _aNUST-CAE
_c
_c17127
999 _c276261
_d276261